000 00389nam a2200145Ia 4500
008 230917s9999||||xx |||||||||||||| ||und||
040 _e81687
_aMAIN
041 _aEnglish
082 _a372.21 S38E
100 _aSrivastava, Anand P
245 4 _aThe educational development of your child-a guide
260 _aNew Delhi
_bLearning Laboratory
_c1982
300 _axi, 110 p.
942 _cBK
999 _c45061
_d45061